000 00694nam a22002417a 4500
003 CHAP
005 20220329135321.0
008 971013s r 00010 d
010 _a34311
011 _a35283
035 _a39399
040 _cCHAP
090 _aR-996
100 0 0 _aLuque, Jorge Alfredo.
_969179
245 _aNecesidades de drenaje en el Valle inferior del Río Colorado
500 _aSobretiro de: Vinos y frutas No. 706:3-11, 1964.
590 _aBATCH-UPD
_b10
_c20130110
_lUCH01
_h2156
590 _aCONVERSION
_b10
_c20130109
_lUCH01
_h1319
650 1 4 _aDrenaje
_xArgentina.
_934191
901 _aBK
942 _cREIMP
949 _aR-996
_bBC
_cR
_d-89808
_eTS1
_i39399
_si
999 _c34311
_d34311